[Event "HUN-chT U18"]
[Site "Budapest"]
[Date "2022.11.03"]
[Round "7.5"]
[White "Kantor, Robert Jr"]
[Black "Apjok, Balazs"]
[Result "1/2-1/2"]
[WhiteElo "1179"]
[BlackElo "1833"]
[PlyCount "74"]
[EventDate "2022.10.31"]
[EventType "team-swiss"]
[EventRounds "7"]
[EventCountry "HUN"]
[SourceTitle "CBM 211 Extra"]
[Source "ChessBase"]
[SourceDate "2023.01.31"]
[SourceVersion "1"]
[SourceVersionDate "2023.01.31"]
[SourceQuality "1"]
[WhiteTeam "Meritum Egyesuelet"]
[BlackTeam "Kekesi SE"]
[WhiteTeamCountry "HUN"]
[BlackTeamCountry "HUN"]

1. e4 c5 2. Nf3 Nf6 3. Nc3 d5 4. exd5 Nxd5 5. Nxd5 Qxd5 6. d3 Bg4 7. Be2 g6 8. h3 Bc8 9. Bf4 Bg7 10. c3 e5 11. Be3 Nc6 12. 0-0 0-0 13. Qd2 f5 14. Bh6 b6 15. Bxg7 Kxg7 16. Rfd1 Rd8 17. Qe3 Ba6 18. c4 Qd6 19. Qg5 Rf8 20. Qe3 Bb7 21. a3 a5 22. Rac1 Rad8 23. Rc3 Nd4 24. Rcc1 Nc6 25. Rc3 Qe6 26. Rb3 Nd4 27. Nxd4 cxd4 28. Qc1 Qc6 29. f3 Rc8 30. Qg5 Rc7 31. Rb5 Qd6 32. Re1 Ba6 33. Rd5 Qe7 34. Qxe7+ Rxe7 35. Bd1 Rfe8 36. Ba4 Bb7 37. Rd6 Re6 1/2-1/2

[Event "HUN-chT U18"]
[Site "Budapest"]
[Date "2022.11.02"]
[Round "5.5"]
[White "Apjok, Balazs"]
[Black "Berla, Zoltan Mate"]
[Result "1/2-1/2"]
[WhiteElo "1833"]
[BlackElo "1487"]
[PlyCount "99"]
[EventDate "2022.10.31"]
[EventType "team-swiss"]
[EventRounds "7"]
[EventCountry "HUN"]
[SourceTitle "CBM 211 Extra"]
[Source "ChessBase"]
[SourceDate "2023.01.31"]
[SourceVersion "1"]
[SourceVersionDate "2023.01.31"]
[SourceQuality "1"]
[WhiteTeam "Kekesi SE"]
[BlackTeam "Varosgazda Akademia"]
[WhiteTeamCountry "HUN"]
[BlackTeamCountry "HUN"]

1. d4 Nf6 2. Bf4 g6 3. e3 Bg7 4. Nf3 0-0 5. Be2 d6 6. h3 Nbd7 7. 0-0 Kh8 8. Bh2 Nb6 9. c4 Be6 10. Qc2 Rc8 11. Nbd2 c5 12. d5 Bd7 13. Rad1 Ne8 14. b3 e6 15. e4 e5 16. Ne1 g5 17. Bg4 Bxg4 18. hxg4 Nf6 19. f3 h5 20. gxh5 Nxh5 21. g4 Nf4 22. Bxf4 exf4 23. Kg2 Be5 24. Nd3 Nd7 25. Rh1+ Kg7 26. Rh5 Qf6 27. Rdh1 Rh8 28. Qc1 Rxh5 29. Rxh5 Rh8 30. Qh1 Rxh5 31. Qxh5 Qh6 32. Qxh6+ Kxh6 33. Nxe5 Nxe5 34. Kf2 Kg6 35. Ke2 Kf6 36. Nb1 Ke7 37. Nc3 Kd7 38. Nd1 f6 39. Nf2 Kc7 40. Nd3 Nxd3 41. Kxd3 Kd7 42. a3 a5 43. Kc3 Kc7 44. b4 axb4+ 45. axb4 cxb4+ 46. Kxb4 b6 47. Ka4 Kb8 48. Kb5 Kb7 49. Kb4 Kb8 50. Kb5 1/2-1/2

[Event "HUN-chT U18"]
[Site "Budapest"]
[Date "2022.11.02"]
[Round "4.5"]
[White "Apjok, Balazs"]
[Black "Varga, Marko"]
[Result "1/2-1/2"]
[WhiteElo "1833"]
[BlackElo "1020"]
[PlyCount "38"]
[EventDate "2022.10.31"]
[EventType "team-swiss"]
[EventRounds "7"]
[EventCountry "HUN"]
[SourceTitle "CBM 211 Extra"]
[Source "ChessBase"]
[SourceDate "2023.01.31"]
[SourceVersion "1"]
[SourceVersionDate "2023.01.31"]
[SourceQuality "1"]
[WhiteTeam "Kekesi SE"]
[BlackTeam "Tuxera Aquaprofit NSK"]
[WhiteTeamCountry "HUN"]
[BlackTeamCountry "HUN"]

1. d4 d5 2. Bf4 Nf6 3. e3 c5 4. Nf3 Nc6 5. Nbd2 cxd4 6. exd4 Bf5 7. c3 e6 8. Qb3 Qc8 9. Nh4 Be4 10. f3 Bg6 11. Nxg6 hxg6 12. Bd3 Be7 13. Qc2 Nh5 14. Be3 Ng3 15. Rg1 Nf5 16. Bxf5 gxf5 17. Rh1 Bh4+ 18. Bf2 Bxf2+ 19. Kxf2 Qc7 1/2-1/2

[Event "HUN-chT U18"]
[Site "Budapest"]
[Date "2022.11.01"]
[Round "2.5"]
[White "Apjok, Balazs"]
[Black "Koltai, Dora"]
[Result "1/2-1/2"]
[WhiteElo "1833"]
[BlackElo "1961"]
[PlyCount "62"]
[EventDate "2022.10.31"]
[EventType "team-swiss"]
[EventRounds "7"]
[EventCountry "HUN"]
[SourceTitle "CBM 211 Extra"]
[Source "ChessBase"]
[SourceDate "2023.01.31"]
[SourceVersion "1"]
[SourceVersionDate "2023.01.31"]
[SourceQuality "1"]
[WhiteTeam "Kekesi SE"]
[BlackTeam "Budapest MTK"]
[WhiteTeamCountry "HUN"]
[BlackTeamCountry "HUN"]

1. d4 d5 2. Bf4 Nf6 3. e3 c5 4. Nf3 e6 5. c3 Bd6 6. Bg3 0-0 7. Bd3 Qc7 8. Ne5 Nbd7 9. f4 cxd4 10. exd4 Ne4 11. Bc2 f6 12. Nd3 f5 13. Nd2 Ndf6 14. Qe2 Bd7 15. Ne5 b5 16. 0-0 Rac8 17. a3 Be8 18. Nxe4 Nxe4 19. Bxe4 dxe4 20. Rad1 Bc6 21. Qc2 Bd5 22. Rfe1 a5 23. Re3 Qa7 24. Qe2 Rc7 25. Bf2 Bxe5 26. dxe5 Qb7 27. Rh3 g6 28. Bd4 Rfc8 29. Qe3 Rc6 30. Qf2 Qe7 31. Ra1 a4 1/2-1/2

[Event "HUN-ch U14"]
[Site "Eger"]
[Date "2021.08.26"]
[Round "5"]
[White "Apjok, Balazs"]
[Black "Tran, David"]
[Result "1/2-1/2"]
[WhiteElo "1767"]
[BlackElo "2111"]
[PlyCount "48"]
[EventDate "2021.08.20"]
[EventType "swiss"]
[EventRounds "7"]
[EventCountry "HUN"]
[SourceTitle "EXT 2022"]
[Source "ChessBase"]
[SourceDate "2021.10.06"]
[SourceVersion "1"]
[SourceVersionDate "2021.10.06"]
[SourceQuality "1"]

1. d4 Nf6 2. Nf3 g6 3. g3 Bg7 4. Bg2 0-0 5. 0-0 d6 6. b3 e5 7. dxe5 dxe5 8. Ba3 Qxd1 9. Rxd1 Re8 10. c4 Nc6 11. Nc3 e4 12. Ne1 Bf5 13. Nc2 Ng4 14. Nd5 Bxa1 15. Rxa1 Red8 16. h3 Nge5 17. g4 Be6 18. Nxc7 Rac8 19. Nxe6 fxe6 20. Bxe4 Rd2 21. Kf1 g5 22. Ke1 Rcd8 23. Bc5 h6 24. Be3 R2d7 1/2-1/2

[Event "HUN-ch U14"]
[Site "Eger"]
[Date "2021.08.23"]
[Round "1"]
[White "Kolimar, Kristof Pal"]
[Black "Apjok, Balazs"]
[Result "1/2-1/2"]
[WhiteElo "2162"]
[BlackElo "1767"]
[PlyCount "90"]
[EventDate "2021.08.20"]
[EventType "swiss"]
[EventRounds "7"]
[EventCountry "HUN"]
[SourceTitle "EXT 2022"]
[Source "ChessBase"]
[SourceDate "2021.10.06"]
[SourceVersion "1"]
[SourceVersionDate "2021.10.06"]
[SourceQuality "1"]

1. Nf3 d5 2. c4 c6 3. d4 Nf6 4. Qc2 dxc4 5. Qxc4 Bg4 6. Nc3 Nbd7 7. Bf4 Nb6 8. Qd3 Nbd5 9. Nxd5 Qxd5 10. Ne5 Rd8 11. e3 e6 12. f3 Bb4+ 13. Kf2 Bf5 14. Qc4 Qxc4 15. Bxc4 Nd5 16. Bg3 f6 17. Nd3 Bxd3 18. Bxd3 Bd2 19. e4 Nf4 20. Bxf4 Bxf4 21. Rad1 Rxd4 22. Bc2 Be5 23. Rxd4 Bxd4+ 24. Ke2 Ke7 25. b3 Rd8 26. Rd1 Be5 27. Rxd8 Kxd8 28. g3 Bd4 29. f4 h6 30. Bd3 b5 31. Kf3 Kd7 32. Bf1 Kd6 33. a4 Kc5 34. Bh3 bxa4 35. bxa4 e5 36. Bd7 Kd6 37. Be8 a6 38. f5 c5 39. Bf7 Kc6 40. Ke2 Kb6 41. Kd3 Ka5 42. Bc4 Kxa4 43. Bxa6 Kb4 44. Bc4 Be3 45. g4 Bg1 1/2-1/2